|
|
|
|
| LEADER |
01078nam a22002897i 4500 |
| 001 |
001859589 |
| 003 |
CZ BrMZK |
| 005 |
20230523115820.0 |
| 007 |
ta |
| 008 |
230523s1935 xr er|||||||||||cze d |
| 015 |
|
|
|a cnb000706418
|
| 035 |
|
|
|a (OCoLC)85406926
|
| 040 |
|
|
|a ABA001
|b cze
|c ABA001
|d ABA001
|d BOA001
|e rda
|
| 100 |
1 |
|
|a Holý, Kamil,
|d 1873-1952
|7 jk01041858
|4 aut
|
| 245 |
1 |
0 |
|a Vše pro národ! :
|b Satirická veselohra o třech dějstvích /
|c K. Holý
|
| 264 |
|
1 |
|a V Praze :
|b Nákladem Divadelního knihkupectví, nakladatelství a zastupitelství Evžena J. Rosendorfa,
|c [1935]
|
| 300 |
|
|
|a 100 stran ;
|c 8°
|
| 336 |
|
|
|a text
|b txt
|2 rdacontent
|
| 337 |
|
|
|a bez média
|b n
|2 rdamedia
|
| 338 |
|
|
|a svazek
|b nc
|2 rdacarrier
|
| 490 |
1 |
|
|a Hry českého jeviště ;
|v Č. 138
|
| 500 |
|
|
|a Po prvé hráno v Praze v divadle Akropolis dne 28. dubna 1932
|
| 830 |
|
0 |
|a Hry českého jeviště
|0 s
|
| 910 |
|
|
|a BOA001
|b 1-0047.316,138
|
| 990 |
|
|
|a BK
|
| 991 |
|
|
|b 202305
|
| 996 |
6 |
|
|b 2618745073
|c 1-0047.316,138
|l MZK
|r Sklad / do 1 hodiny
|n 0
|w 001926499
|u 000010
|a 1
|e BOA001
|j MZK50
|s P
|